Statistics for Top 5 Cities by UN Geographic Regions

Click here to take the quiz!

General Stats

  • This quiz has been taken 504 times
  • The average score is 83 of 111

Answers on the Map

Answers color-coded by a green-red scale on the quiz's map according to % correct below.
 

Answer Stats

United Nations geoschemeCity% Correct
Eastern EuropeMoscow
97%
Western EuropeParis
97%
Northern AfricaCairo
96%
Northern EuropeLondon
96%
Southern EuropeMadrid
95%
Australia and New ZealandSydney
95%
Eastern AsiaTokyo
95%
Western EuropeBerlin
94%
Central AmericaMexico City
94%
Northern AmericaNew York
94%
Southern EuropeRome
94%
Eastern AsiaBeijing
93%
Southern AsiaDelhi
93%
Western AsiaIstanbul
93%
Eastern EuropeKiev
93%
Northern AmericaLos Angeles
93%
Australia and New ZealandMelbourne
93%
Southeastern AsiaJakarta
92%
South AmericaRio de Janeiro
92%
Eastern EuropeSt Petersburg
92%
Southeastern AsiaBangkok
91%
Southern EuropeBarcelona
91%
South AmericaBuenos Aires
91%
Southern AfricaCape Town
91%
Western AfricaLagos
91%
Southern EuropeMilan
91%
Southern AsiaMumbai
91%
South AmericaSao Paulo
91%
Eastern AsiaShanghai
91%
Northern AfricaAlexandria
90%
Northern AfricaAlgiers
90%
Northern AmericaChicago
90%
South AmericaLima
90%
Northern EuropeStockholm
90%
Eastern EuropeWarsaw
90%
Australia and New ZealandAuckland
89%
South AmericaBogota
89%
Australia and New ZealandPerth
89%
Eastern AsiaSeoul
89%
Middle AfricaKinshasa
88%
Western AsiaRiyadh
88%
Eastern AsiaGuangzhou
87%
Southern AfricaJohannesburg
87%
Northern EuropeManchester
87%
Southeastern AsiaManila
87%
Northern AfricaCasablanca
86%
Southeastern AsiaHo Chi Minh City
86%
Southern AsiaKarachi
86%
Northern EuropeBirmingham
85%
Australia and New ZealandBrisbane
85%
CaribbeanHavana
85%
Southeastern AsiaKuala Lumpur
85%
Eastern AfricaNairobi
85%
Southern EuropeNaples
85%
Eastern AfricaAddis Ababa
83%
Southern AsiaKolkata
83%
Northern AmericaSan Francisco
83%
Southern AsiaDhaka
82%
Northern AfricaKhartoum
82%
Western AsiaBaghdad
81%
Eastern AfricaDar es Salaam
81%
Western AsiaDubai
81%
Middle AfricaLuanda
79%
Central AsiaNur-Sultan
79%
Western AfricaDakar
78%
Central AmericaGuatemala City
78%
Western AfricaAccra
77%
Central AsiaTashkent
77%
CaribbeanPort-au-Prince
76%
Western EuropeFrankfurt
75%
Central AmericaGuadalajara
75%
Southern AfricaPretoria
75%
CaribbeanSanto Domingo
75%
Northern AmericaWashington
75%
Eastern EuropeBudapest
74%
CaribbeanKingston
72%
Northern EuropeLeeds
72%
Central AmericaMonterrey
70%
Western AsiaAmman
68%
Western AfricaAbidjan
67%
Southern AfricaDurban
67%
Eastern AfricaKampala
67%
Central AsiaAlmaty
66%
Middle AfricaBrazzaville
66%
Central AsiaBishkek
65%
Western EuropeCologne / Dusseldorf
65%
MelanesiaPort Moresby
65%
Middle AfricaYaounde
64%
Central AsiaAshgabat
63%
Western AfricaKano
62%
MelanesiaSuva
61%
Eastern AfricaLusaka
59%
Southern AfricaPort Elizabeth
57%
CaribbeanSan Juan
56%
Western EuropeRotterdam
55%
Western EuropeThe Ruhr
55%
PolynesiaApia
52%
Middle AfricaDouala
50%
MelanesiaHoniara
46%
Central AmericaPuebla
46%
MicronesiaSouth Tarawa
39%
MicronesiaPohnpei
37%
PolynesiaTongatapu
36%
MicronesiaMajuro
33%
PolynesiaTahiti
32%
MelanesiaNoumea
21%
MicronesiaGuam
17%
MelanesiaLae
15%
MicronesiaSaipan
15%
PolynesiaTutuila
13%
PolynesiaVava'u
3%

Score Distribution

Percentile by Number Answered

Percent of People with Each Score

Your Score History

You have not taken this quiz